000 00389nam a2200145 a 4500
001 000036615
005 20200930075830.0
008 120123s1969 pr 000 0 spa d
040 _aDO-SdBNP
_bspa
_cBNPHU
082 _axxx
_bC485p
100 1 _aCharriere, Henri
_962902
245 1 0 _aPapillon /
_cHenri Charriere.
260 _aParis :
_bFrance Loisirs,
_c1969.
300 _a516 p. ;
_c26 cm.
999 _c36106
_d36106